| 000 | 00634 a2200205 4500 | ||
|---|---|---|---|
| 001 | sjds | ||
| 003 | sjds | ||
| 005 | 20240428202749.0 | ||
| 008 | 240428b |||||||| |||| 00| 0 spa d | ||
| 020 | _a9781574711523 (pbk.) | ||
| 020 | _a1574711520 (pbk.) | ||
| 040 | _csjds | ||
| 041 | _aspa | ||
| 100 | _aWilliams, Rozanne Lanczak | ||
| 245 |
_aA traves de la semana con Gato y Perro / _cexcrito por Rozanne Lanczak Williams ; ilustrado por Catherine Leary |
||
| 260 |
_aCypress, CA : _b Creative Teaching Press, _cc1996 |
||
| 300 |
_a16 pages : _bcolor illustrations ; _c16 x 23 cm |
||
| 700 | 1 | 0 | _aLeary, Catherine |
| 942 | _cBK | ||
| 999 |
_c21788 _d21788 |
||